Les Chiffres Romains - Statistiques

Statistiques générales
  • Ce quiz a été pris 806 fois
  • Le résultat moyen est 29 sur 34
Statistiques - réponses
Nombre Chiffre romain % Correct
1 I
100%
2 II
100%
3 III
100%
5 V
100%
4 IV
99%
6 VI
99%
7 VII
99%
8 VIII
99%
10 X
99%
9 IX
98%
12 XII
98%
24 XXIV
97%
50 L
94%
100 C
92%
62 LXII
88%
103 CIII
87%
105 CV
87%
1000 M
87%
76 LXXVI
86%
200 CC
85%
81 LXXXI
85%
156 CLVI
84%
500 D
83%
287 CCLXXXVII
71%
2017 MMXVII
70%
92 XCII
68%
1074 MLXXIV
67%
49 XLIX
66%
786 DCCLXXXVI
65%
193 CXCIII
64%
347 CCCXLVII
63%
1653 MDCLIII
63%
3810 MMMDCCCX
59%
999 CMXCIX
49%
Aucun quiz correspondant
Distribution des résultats
% des personnes avec chaque résultat
Percentile par nombre de réponses
Votre historique - résultats
Vous n’avez pas pris ce quiz